فهـرس مكتبـة معهد التخطيـط Institute of National Planning Catalog

A Dictionary of economics and commerce / (رقم التسجيلة. 13298)

تفاصيل مارك
000 -الفاتح
حقل البيانات ثابتة الطول 00745nam a22002658a 4500
003 - محدد رقم الضبط
رقم الضبط INP
005 - وقت وتاريخ اخر تعامل مع التسجيلة
رقم الضبط 20260622100105.0
008 - عناصر البيانات ثابتة الطول - معلومات عامة
حقل البيانات ثابتة الطول 120326s1965 uk frb 001 0 eng
020 ## - الرقم الدولى المعيارى للكتب
الرقم الدولى المعيارى للكتاب 0712106499
040 ## - مصدر الفهرسة
وكالة الفهرسة الأصلية EG-INP
وكالة النسخ EG-INP
لغة الفهرسة eng
082 04 - رقم تصنيف ديوى العشرى
رقم الطبعة 21
رقم التصنيف 341.7
رقم المادة j d
100 1# - المدخل الرئيسى - إسم شخصى
الإسم الشخصى Hanson, J.L..
245 10 - بيان العنوان
العنوان A Dictionary of economics and commerce /
بيان المسئولية J.L.Hanson.
250 ## - بيان الطبعة
بيان الطبعة .6nd
260 ## - بيانات النشر
مكان الناشر او الموزع London :
اسم الناشر او الموزع Pitman Publishing,
تاريخ النشر أو التوزيع 1965.
300 ## - الوصف المادى
التعداد 393 p. ;
أبعاد الوعاء 22 cm.
650 #7 - المدخل الاضافى بالموضوع-مصطلح موضوعى
مصطلح موضوعي كعنصر مدخل International economy.
9 (RLIN) 1824
650 #7 - المدخل الاضافى بالموضوع-مصطلح موضوعى
مصطلح موضوعي كعنصر مدخل International economic relations.
9 (RLIN) 1823
650 #7 - المدخل الاضافى بالموضوع-مصطلح موضوعى
مصطلح موضوعي كعنصر مدخل a dictionary of banking.
9 (RLIN) 3638
650 #7 - المدخل الاضافى بالموضوع-مصطلح موضوعى
مصطلح موضوعي كعنصر مدخل International Trade.
9 (RLIN) 1835
901 ## - عنصر بيانات محلىA, LDA (RLIN)
كود المفهرس EGPV26
902 ## - عنصر بيانات محلىB, LDB (RLIN)
كود المراجع EGPV10
903 ## - original or copycat
a original
المقتنيات
حالة التراجع المكان المؤقت الموقع الحالى نوع وعاء كوها
  Library INP Library INP كتاب